LEADER 02090oas 2200877 a 450 001 9910134711903321 005 20260203110258.0 011 $a1471-2369 035 $a(DE-599)ZDB2041348-8 035 $a(OCoLC)45259909 035 $a(CONSER) 2002243109 035 $a(CKB)111000136906040 035 $a(DE-599)2041348-8 035 $a(EXLCZ)99111000136906040 100 $a20001031a20009999 sy 101 0 $aeng 135 $aurcn||||||||| 181 $ctxt$2rdacontent 182 $cc$2rdamedia 183 $acr$2rdacarrier 200 00$aBMC nephrology 210 $aLondon $cBioMed Central$d[2000]- 300 $aRefereed/Peer-reviewed 300 $aTitle from BioMed Central archive volume screen (viewed Feb. 20, 2002). 517 3 $aBioMed Central nephrology 517 3 $aNephrology 531 10$aBMC Nephrol 606 $aKidneys$xDiseases$vPeriodicals 606 $aKidney Diseases 606 $aKidneys$xDiseases$2fast$3(OCoLC)fst00987389 606 $aNefrologia$2thub 608 $aPeriodical. 608 $aFulltext. 608 $aInternet Resources. 608 $aPeriodicals. 608 $aPeriodicals.$2fast 608 $aRevistes electròniques.$2thub 615 0$aKidneys$xDiseases 615 12$aKidney Diseases. 615 7$aKidneys$xDiseases. 615 7$aNefrologia. 801 0$bVAM 801 1$bVAM 801 2$bSBH 801 2$bEYM 801 2$bOCLCQ 801 2$bNLM 801 2$bCUS 801 2$bCAS 801 2$bOCLCQ 801 2$bCUS 801 2$bOCLCQ 801 2$bHEBIS 801 2$bUKMGB 801 2$bOCLCQ 801 2$bGBVCP 801 2$bOCLCQ 801 2$bTWT 801 2$bOCLCF 801 2$bEUW 801 2$bOCLCQ 801 2$bCASUM 801 2$bOCLCA 801 2$bOCLCO 801 2$bOCLCA 801 2$bGWDNB 801 2$bAU@ 801 2$bOCLCA 801 2$bOCLCQ 801 2$bIOY 801 2$bSXB 801 2$bOCLCQ 906 $aJOURNAL 912 $a9910134711903321 996 $aBMC nephrology$92040609 997 $aUNINA